| 000 | 00413cam a22001457a 4500 | ||
|---|---|---|---|
| 008 | 180718b1999 xxu||||| |||| 00| 0 eng d | ||
| 020 | _a1857284895 | ||
| 082 | _aN400 M449 | ||
| 100 | _aMawby, R.I. | ||
| 245 |
_aPolicing across the world: issues for the twenty-first century _cby R.I. Mawby |
||
| 260 |
_aLondon _bUCL Press _c1999 |
||
| 300 | _a244p. | ||
| 650 | _aPolice power | ||
| 650 | _aPolice administration | ||
| 999 |
_c391934 _d391934 |
||